000 00688 a2200181 4500
999 _c241
_d241
020 _a9781111580988
050 _aQH308.2 BIO 2013
100 _aStarr, Cecie
_eauthor
245 _aBiology :
_bthe unity and diversity of life /
_cCecie Starr, Ralph Taggart, Christine Evers and Lisa Starr
264 _aBelmont, CA. :
_bBrooks/Cole / Cengage Learning,
_c2013
300 _axxvi, 893p. :
_bill. (col.)
500 _aFull list of authors' names on title page verso. Includes bibliographical references and index.
650 _aBiology
700 _aTaggart, Ralph
_eeditor
700 _aEvers, Christine
_eauthor
700 _aStarr, Lisa
_eauthor
942 _2lcc
_cBK
_e13th ed.
_h308.2
_iBIO
_kQH